[Event "FIDE World Rapid Team"]
[Site "London ENG"]
[Date "2025.06.12"]
[Round "7.4"]
[White "Franco, Gaston"]
[Black "Gan-Od, Sereenen"]
[Result "0-1"]
[BlackTitle "FM"]
[WhiteElo "2088"]
[BlackElo "2320"]
[WhiteTeam "Hammersmith Chess Club"]
[BlackTeam "Mongolia-A"]
[WhiteFideId "117722"]
[BlackFideId "4901304"]
[EventDate "2025.06.11"]
[EventType "team"]

1. e4 c6 2. d4 d5 3. exd5 cxd5 4. Bd3 Nc6 5. c3 Nf6 6. Bf4 g6 7. Nd2 Bf5 8. Bxf5
gxf5 9. Ngf3 e6 10. O-O Rg8 11. Re1 Ne4 12. Ne5 Nxe5 13. Bxe5 Qg5 14. Bg3 Qxd2
15. Qa4+ Kd8 16. Bh4+ Be7 17. Rad1 Qf4 18. Bxe7+ Kxe7 19. Qb4+ Kf6 0-1

[Event "FIDE World Rapid Team"]
[Site "London ENG"]
[Date "2025.06.12"]
[Round "7.5"]
[White "Uuriintuya, Uurtsaikh"]
[Black "Ciocan, Maria-Alexandra"]
[Result "1-0"]
[WhiteTitle "WGM"]
[WhiteElo "2141"]
[BlackElo "1998"]
[WhiteTeam "Mongolia-A"]
[BlackTeam "Hammersmith Chess Club"]
[WhiteFideId "4900227"]
[BlackFideId "1227130"]
[EventDate "2025.06.11"]
[EventType "team"]

1. e4 e6 2. d4 d5 3. Nd2 Nf6 4. e5 Nfd7 5. Bd3 c5 6. c3 Nc6 7. Ne2 cxd4 8. cxd4
f6 9. exf6 Nxf6 10. O-O Bd6 11. Nf3 Qc7 12. Bd2 O-O 13. Ng3 Bd7 14. Rc1 Qb6 15.
Bc3 Bf4 16. Ra1 g6 17. a3 Rae8 18. Ne5 Bxg3 19. hxg3 Nxe5 20. dxe5 Nh5 21. Qg4
Bb5 22. Bxb5 Qxb5 23. Rac1 Ng7 24. a4 Qa6 25. a5 Nf5 26. Qg5 Qb5 27. Rcd1 Qc5
28. g4 Ng3 29. Rfe1 Qxf2+ 30. Kh2 Ne4 31. Qh6 Qg3+ 32. Kg1 Qxg4 33. Rd3 Qf5 34.
Bd4 Ng5 35. Rg3 Ne4 36. Rh3 Qf7 37. Bxa7 Qg7 38. Qh4 Rf7 39. Bd4 Qf8 40. Rb3 Rc8
41. Qh3 Qe7 42. Qg4 Rc2 43. Rf3 Rxf3 44. Qxf3 Rc8 45. Be3 Rf8 46. Qg4 Qb4 47.
Qe2 Qxa5 48. Rc1 Qd8 49. Qb5 Qe7 50. Bh6 Rd8 51. Qb6 Qh4 52. Qxe6+ Kh8 53. Qb6
Rg8 54. Be3 Qg3 55. Bd4 Qf4 56. Rf1 1-0

[Event "FIDE World Rapid Team"]
[Site "London ENG"]
[Date "2025.06.12"]
[Round "7.6"]
[White "Cepoi, Gesneria-Codruta"]
[Black "Han, Qixuan"]
[Result "0-1"]
[WhiteElo "1598"]
[BlackElo "1896"]
[WhiteTeam "Hammersmith Chess Club"]
[BlackTeam "Mongolia-A"]
[WhiteFideId "1285297"]
[BlackFideId "496944"]
[EventDate "2025.06.11"]
[EventType "team"]

1. d4 d5 2. c4 c6 3. Nc3 Nf6 4. Nf3 e6 5. g3 dxc4 6. a4 Bb4 7. Bg2 O-O 8. O-O
Nbd7 9. Bf4 Nd5 10. Bd2 Bxc3 11. bxc3 b5 12. e4 N5f6 13. Re1 Bb7 14. Bf4 a6 15.
Bd6 Re8 16. Ne5 Nb6 17. Bb4 Nxa4 18. Qc2 Nd7 19. Ng4 c5 20. dxc5 Ndxc5 21. Rad1
Qc7 22. Re2 Red8 23. Rd4 Nd3 24. Ba3 Nac5 25. e5 Bxg2 26. Kxg2 Qc6+ 27. f3 Rd5
28. Kf1 Rad8 29. Ne3 Rxd4 30. cxd4 Qxf3+ 31. Rf2 Qxe3 32. Bxc5 Qxf2+ 33. Qxf2
Nxf2 34. Kxf2 f6 35. exf6 gxf6 36. Ke3 Kf7 37. h3 e5 38. dxe5 fxe5 39. Ke4 Ke6
40. h4 c3 41. Be3 c2 42. g4 Rd1 43. g5 c1=Q 44. Bxc1 Rxc1 45. h5 Rg1 0-1

[Event "FIDE World Rapid Team"]
[Site "London ENG"]
[Date "2025.06.12"]
[Round "7.1"]
[White "Turner, Matthew J"]
[Black "Sava, Robert-Gabriel"]
[Result "1-0"]
[WhiteTitle "GM"]
[BlackTitle "CM"]
[WhiteElo "2441"]
[BlackElo "2121"]
[WhiteTeam "Sassy Seniors"]
[BlackTeam "xChess.AI"]
[WhiteFideId "402893"]
[BlackFideId "1265725"]
[EventDate "2025.06.11"]
[EventType "team"]

1. d4 d5 2. Nf3 c6 3. Bf4 Nf6 4. e3 e6 5. Nbd2 Bd6 6. c3 Qc7 7. g3 Nbd7 8. Bd3
e5 9. dxe5 Nxe5 10. Nxe5 Bxe5 11. Nf3 Bxf4 12. gxf4 Bg4 13. Rg1 g6 14. Be2 Bxf3
15. Bxf3 O-O-O 16. Qd4 Ne4 17. Qxa7 f5 18. Qa8+ Kd7 19. Qa4 Ke6 20. Bxe4 dxe4
21. Rd1 Qb6 22. Qb3+ Qxb3 23. axb3 Rxd1+ 24. Kxd1 Rd8+ 25. Kc2 Rd7 26. Ra1 h6
27. h4 Kf6 28. Ra8 Rf7 29. Rh8 Kg7 30. Rd8 Kf6 31. Rd6+ Kg7 32. c4 Rf6 33. Rxf6
Kxf6 34. Kc3 Kf7 35. Kd4 g5 36. fxg5 hxg5 37. h5 Kf6 38. h6 c5+ 39. Kd5 1-0

[Event "FIDE World Rapid Team"]
[Site "London ENG"]
[Date "2025.06.12"]
[Round "7.2"]
[White "Rusu, Lucas"]
[Black "Duncan, Chris R"]
[Result "1/2-1/2"]
[BlackTitle "FM"]
[WhiteElo "2038"]
[BlackElo "2196"]
[WhiteTeam "xChess.AI"]
[BlackTeam "Sassy Seniors"]
[WhiteFideId "42206472"]
[BlackFideId "403091"]
[EventDate "2025.06.11"]
[EventType "team"]

1. e4 c5 2. Nf3 d6 3. d4 cxd4 4. Nxd4 Nf6 5. Nc3 Bd7 6. Be2 g6 7. O-O Bg7 8. Be3
O-O 9. Qd2 Nc6 10. f3 a6 11. Rfd1 Rc8 12. Nb3 Ne5 13. a4 Nc4 14. Bxc4 Rxc4 15.
a5 Qc8 16. Bd4 Be6 17. Qf2 Nd7 18. Bxg7 Kxg7 19. Qe3 f6 20. Nd4 Bf7 21. Nde2 Qc5
22. Kf2 Rc8 23. Ra3 Ne5 24. Rda1 h5 25. Rb3 Rb4 26. Rxb4 Qxb4 27. b3 Qc5 28. Ra4
Nc6 29. h4 Nb4 30. Qxc5 dxc5 31. Nf4 Nxc2 32. Nfd5 Kf8 33. Rc4 Na3 34. Ra4 Nb5
35. Rc4 Nd6 36. Ra4 Be8 37. Ra1 Nb5 38. Nxb5 axb5 39. Nb6 Rc6 40. Rc1 Kf7 41.
Ke3 e5 42. Rd1 Ke7 43. Nd5+ Ke6 44. Rc1 Bf7 45. Rd1 f5 46. g3 c4 47. bxc4 bxc4
48. Kd2 Rc5 49. Rb1 c3+ 50. Nxc3 Rxa5 51. Rb6+ 1/2-1/2

[Event "FIDE World Rapid Team"]
[Site "London ENG"]
[Date "2025.06.12"]
[Round "7.3"]
[White "Vujatovic, Rajko"]
[Black "Badescu, Matei-Andrei"]
[Result "1/2-1/2"]
[WhiteElo "2222"]
[BlackElo "1947"]
[WhiteTeam "Sassy Seniors"]
[BlackTeam "xChess.AI"]
[WhiteFideId "403393"]
[BlackFideId "42213096"]
[EventDate "2025.06.11"]
[EventType "team"]

1. d4 d5 2. c4 e6 3. Nf3 Nf6 4. Bg5 Be7 5. Nc3 O-O 6. e3 c6 7. Bd3 b6 8. O-O Ba6
9. cxd5 Bxd3 10. Qxd3 cxd5 11. Ne5 Nbd7 12. Nc6 Qe8 13. Nb5 Rc8 14. Ncxa7 Rb8
15. Nc6 Rc8 16. Nba7 Rc7 17. Rfc1 Kh8 18. Bf4 Rb7 19. Nb5 Nh5 20. Nxe7 Nxf4 21.
exf4 Qxe7 22. Rc2 g6 23. Rac1 Kg7 24. g3 Nf6 25. a3 h5 26. Rc7 Rxc7 27. Rxc7 Qe8
28. Rb7 h4 29. Rxb6 hxg3 30. hxg3 Rh8 31. Nd6 Qf8 32. Qb5 Ng4 33. Qd7 Rh1+ 34.
Kg2 Rh2+ 35. Kf3 Nf6 36. Qc8 Qxc8 37. Nxc8 Ne4 38. a4 Rxf2+ 39. Ke3 Rg2 40. a5
Nd2 41. Nd6 Nf1+ 42. Kf3 Rd2 43. a6 Nh2+ 44. Ke3 Nf1+ 45. Kf3 Nh2+ 46. Ke3 Nf1+
47. Kf3 Nh2+ 48. Ke3 Nf1+ 1/2-1/2

[Event "FIDE World Rapid Team"]
[Site "London ENG"]
[Date "2025.06.12"]
[Round "7.4"]
[White "Sava, Christiansen-Danut-Eugen"]
[Black "Lishoy Gengis Paratazham, Dildarav"]
[Result "1/2-1/2"]
[WhiteTitle "FM"]
[WhiteElo "2002"]
[BlackElo "2084"]
[WhiteTeam "xChess.AI"]
[BlackTeam "Sassy Seniors"]
[WhiteFideId "1210114"]
[BlackFideId "491462"]
[EventDate "2025.06.11"]
[EventType "team"]

1. b4 e5 2. Bb2 d6 3. Nf3 Nf6 4. e3 g6 5. c4 Bg7 6. Be2 O-O 7. O-O Bf5 8. Nc3
Re8 9. d3 Nbd7 10. a4 c6 11. e4 Be6 12. Ng5 Nf8 13. b5 h6 14. Nxe6 Nxe6 15. a5
Rb8 16. a6 Nd4 17. Ba3 bxa6 18. bxc6 Nxc6 19. Bc1 Rb6 20. Be3 Nd4 21. f4 Nxe2+
22. Qxe2 Rb3 23. fxe5 dxe5 24. Nd5 Nxd5 1/2-1/2

[Event "FIDE World Rapid Team"]
[Site "London ENG"]
[Date "2025.06.12"]
[Round "7.5"]
[White "Dishman, Matthew"]
[Black "Badescu, Eliza-Ioana"]
[Result "0-1"]
[WhiteElo "1978"]
[BlackElo "1832"]
[WhiteTeam "Sassy Seniors"]
[BlackTeam "xChess.AI"]
[WhiteFideId "438642"]
[BlackFideId "42214890"]
[EventDate "2025.06.11"]
[EventType "team"]

1. e4 c6 2. Nc3 d5 3. Nf3 Bg4 4. h3 Bxf3 5. Qxf3 e6 6. g3 Nd7 7. Bg2 Bc5 8. O-O
Ngf6 9. Rd1 dxe4 10. Nxe4 Nxe4 11. Qxe4 Nf6 12. Qc4 Bb6 13. d4 O-O 14. b3 Qe7
15. a4 Rfd8 16. a5 Bc7 17. a6 Rab8 18. axb7 Rxb7 19. Ba3 Bd6 20. Qxc6 Rc7 21.
Bxd6 Rxd6 22. Qa4 Rxc2 23. Qxa7 Rd7 24. Qb8+ Rd8 25. Qb6 Nd5 26. Bxd5 exd5 27.
Re1 Qf6 28. Qxf6 gxf6 29. Rab1 Rb8 30. b4 Rc4 31. b5 Rxd4 32. b6 Rc4 33. Re7 d4
34. Kf1 Kf8 35. Ra7 d3 36. b7 d2 37. Ke2 Rc1 0-1

[Event "FIDE World Rapid Team"]
[Site "London ENG"]
[Date "2025.06.12"]
[Round "7.6"]
[White "Platschek, Luca"]
[Black "Regan, Natasha K"]
[Result "1-0"]
[BlackTitle "WIM"]
[WhiteElo "1626"]
[BlackElo "2064"]
[WhiteTeam "xChess.AI"]
[BlackTeam "Sassy Seniors"]
[WhiteFideId "1289888"]
[BlackFideId "403067"]
[EventDate "2025.06.11"]
[EventType "team"]

1. d4 f5 2. e3 Nf6 3. Bd3 d6 4. Nf3 g6 5. b3 Bg7 6. Bb2 c6 7. Nbd2 O-O 8. Qe2 a5
9. a4 Na6 10. c3 Qe8 11. O-O h6 12. Nc4 Qd8 13. Nfd2 Bd7 14. f3 g5 15. e4 Nh5
16. g3 f4 17. g4 Nf6 18. e5 Nd5 19. Qe4 dxe5 20. Qh7+ Kf7 21. Nxe5+ Ke6 22. Qxg7
Ne3 23. Rfe1 c5 24. Ndc4 cxd4 25. cxd4 Nb4 26. Bf5+ Nxf5 27. gxf5+ Kd5 28. Rac1
Bxf5 29. Nf7 Qc7 30. Qe5+ Qxe5 31. Rxe5+ Kc6 32. Rxf5 Nd3 33. Nce5+ Kd5 1-0

[Event "FIDE World Rapid Team"]
[Site "London ENG"]
[Date "2025.06.12"]
[Round "7.1"]
[White "Vaidyanathan, Adithya"]
[Black "Wu, Li"]
[Result "1/2-1/2"]
[BlackTitle "FM"]
[WhiteElo "2111"]
[BlackElo "2278"]
[WhiteTeam "UK Chess Challenge Masters"]
[BlackTeam "Chess Rising Stars"]
[WhiteFideId "495450"]
[BlackFideId "411086"]
[EventDate "2025.06.11"]
[EventType "team"]

1. d4 d5 2. c4 e6 3. Nc3 Nf6 4. Nf3 c5 5. cxd5 Nxd5 6. e4 Nxc3 7. bxc3 cxd4 8.
cxd4 Bb4+ 9. Bd2 Bxd2+ 10. Qxd2 O-O 11. Be2 Nd7 12. O-O b6 13. d5 Nc5 14. dxe6
Bxe6 15. Qe3 Re8 16. Rfd1 Qe7 17. Rd4 Rad8 18. e5 h6 19. h3 Rxd4 20. Nxd4 Bd5
21. Bb5 Rf8 22. Nf5 Qe6 23. Qf4 Kh7 24. Nd4 Qg6 25. g3 f6 26. e6 Nxe6 27. Nxe6
Bxe6 28. Qd6 Qf7 29. Rc1 Rc8 30. Bd3+ g6 31. Re1 Re8 32. Rc1 Re7 33. Re1 Re8 34.
Rc1 Rc8 35. Re1 1/2-1/2

[Event "FIDE World Rapid Team"]
[Site "London ENG"]
[Date "2025.06.12"]
[Round "7.2"]
[White "Cumming, Rhys"]
[Black "Yu, Rock"]
[Result "1-0"]
[WhiteTitle "FM"]
[WhiteElo "2285"]
[BlackElo "2057"]
[WhiteTeam "Chess Rising Stars"]
[BlackTeam "UK Chess Challenge Masters"]
[WhiteFideId "470163"]
[BlackFideId "489000"]
[EventDate "2025.06.11"]
[EventType "team"]

1. e4 Nf6 2. e5 Nd5 3. d4 d6 4. c4 Nb6 5. exd6 cxd6 6. Nc3 g6 7. a4 Bg7 8. a5
N6d7 9. Be3 O-O 10. Nf3 Nf6 11. h3 d5 12. b4 dxc4 13. Bxc4 Bf5 14. Qb3 Nc6 15.
O-O Ne4 16. Nxe4 Bxe4 17. Ng5 Bf5 18. Nxf7 Rxf7 19. Bxf7+ Kh8 20. a6 bxa6 21.
Bd5 Rc8 22. Rac1 Nxb4 23. Rxc8 Bxc8 24. Qxb4 Qxd5 25. Qb8 Qb7 26. Rb1 1-0

[Event "FIDE World Rapid Team"]
[Site "London ENG"]
[Date "2025.06.12"]
[Round "7.3"]
[White "Murawski, Jan"]
[Black "Navrotescu, Andreea"]
[Result "0-1"]
[WhiteTitle "CM"]
[BlackTitle "WGM"]
[WhiteElo "2164"]
[BlackElo "2333"]
[WhiteTeam "UK Chess Challenge Masters"]
[BlackTeam "Chess Rising Stars"]
[WhiteFideId "21009287"]
[BlackFideId "675946"]
[EventDate "2025.06.11"]
[EventType "team"]

1. d4 Nf6 2. c4 e6 3. Nf3 b6 4. g3 Ba6 5. Nbd2 c5 6. Bg2 Bb7 7. dxc5 bxc5 8. b3
Be7 9. Bb2 O-O 10. O-O d6 11. Nh4 Bxg2 12. Nxg2 Nc6 13. e4 Qb6 14. Kh1 a5 15. a4
Nd4 16. Bxd4 cxd4 17. Nf4 Qc6 18. f3 Bd8 19. Rc1 Bb6 20. Nd3 Rac8 21. Qe2 Qb7
22. g4 Nd7 23. f4 Nc5 24. Rf3 f5 25. gxf5 exf5 26. Nxc5 Bxc5 27. Rcf1 Rce8 28.
e5 Kh8 29. h3 Re6 30. Kh2 Rfe8 31. Qg2 dxe5 32. fxe5 g6 33. Rd3 Qxg2+ 34. Kxg2
Rxe5 35. Nf3 Re3 36. Rfd1 f4 37. Nxd4 Rxd3 38. Rxd3 Rd8 39. Kf3 Rxd4 40. Rxd4
Bxd4 41. Kxf4 Kg7 42. Ke4 Bf2 43. Kd5 Kf6 44. Kd6 h5 45. c5 g5 46. c6 g4 47.
hxg4 hxg4 48. Kd5 Bb6 49. Ke4 Bc7 50. Kd4 g3 51. Ke3 Ke6 52. Kf3 Ke5 0-1

[Event "FIDE World Rapid Team"]
[Site "London ENG"]
[Date "2025.06.12"]
[Round "7.4"]
[White "Tsaknakis, Zisis"]
[Black "Longson, Sarah N"]
[Result "1-0"]
[WhiteTitle "FM"]
[BlackTitle "WFM"]
[WhiteElo "2333"]
[BlackElo "1941"]
[WhiteTeam "Chess Rising Stars"]
[BlackTeam "UK Chess Challenge Masters"]
[WhiteFideId "4259963"]
[BlackFideId "2501465"]
[EventDate "2025.06.11"]
[EventType "team"]

1. e4 e5 2. Nf3 Nc6 3. Bb5 a6 4. Ba4 Nf6 5. O-O b5 6. Bb3 Bc5 7. a4 Rb8 8. c3 d6
9. d4 Bb6 10. a5 Ba7 11. h3 O-O 12. Be3 Ra8 13. Nbd2 exd4 14. cxd4 Ne7 15. Re1
Ng6 16. d5 Bxe3 17. Rxe3 Nd7 18. Nd4 Qf6 19. Nf1 Nde5 20. Rc1 Ra7 21. Ng3 Nf4
22. Nge2 Nxe2+ 23. Nxe2 Qg6 24. Qd4 Rb7 25. f4 Nd7 26. Bc2 Qf6 27. e5 dxe5 28.
fxe5 Qh6 29. e6 Nf6 30. Rf1 Kh8 31. Ng3 fxe6 32. dxe6 Qg5 33. Nf5 c6 34. Rg3 1-0

[Event "FIDE World Rapid Team"]
[Site "London ENG"]
[Date "2025.06.12"]
[Round "7.5"]
[White "Sefton, Adam"]
[Black "Bird, Joel"]
[Result "1-0"]
[WhiteElo "2047"]
[BlackElo "1987"]
[WhiteTeam "UK Chess Challenge Masters"]
[BlackTeam "Chess Rising Stars"]
[WhiteFideId "343400965"]
[BlackFideId "429252"]
[EventDate "2025.06.11"]
[EventType "team"]

1. e4 e5 2. Nf3 Nc6 3. Bc4 Nf6 4. d3 Bc5 5. c3 d6 6. h3 a6 7. Nbd2 Ba7 8. Nf1
Na5 9. Bb3 Nxb3 10. axb3 Qe7 11. Be3 Bxe3 12. Nxe3 c6 13. Qc2 d5 14. O-O O-O 15.
Rfe1 dxe4 16. dxe4 Nh5 17. Nc4 f6 18. Nb6 Rb8 19. Nxc8 Rbxc8 20. g3 Rcd8 21.
Rad1 g6 22. b4 Ng7 23. Rd2 Rxd2 24. Nxd2 Rd8 25. Kg2 Ne6 26. Nc4 Qd7 27. Qb3 Kf7
28. Qa2 Ke7 29. h4 Qd3 30. Re3 Qc2 31. Qa3 Kf7 32. Qa5 Qd1 33. Rf3 Kg7 34. Qb6
Rd7 35. Ne3 Qe2 36. Ng4 Rd1 37. Qxb7+ Kh8 38. Nh2 Qxe4 39. Qc8+ Nd8 40. Qxa6 Qe1
41. Nf1 Kg7 42. Re3 Qxf1+ 43. Qxf1 Rxf1 44. Kxf1 Kf7 45. c4 Ne6 46. Ke2 Ke7 47.
Kd3 Kd6 48. Kc3 f5 49. f3 h6 50. Rd3+ Kc7 51. c5 f4 52. g4 g5 53. h5 Nd4 54.
Rxd4 exd4+ 55. Kxd4 Kd7 56. Ke5 Ke7 57. b5 cxb5 58. c6 b4 59. b3 1-0

[Event "FIDE World Rapid Team"]
[Site "London ENG"]
[Date "2025.06.12"]
[Round "7.6"]
[White "Kennedy, Aden"]
[Black "Veselow, Zoe"]
[Result "0-1"]
[WhiteElo "1950"]
[BlackElo "1761"]
[WhiteTeam "Chess Rising Stars"]
[BlackTeam "UK Chess Challenge Masters"]
[WhiteFideId "343401015"]
[BlackFideId "497657"]
[EventDate "2025.06.11"]
[EventType "team"]

1. e4 c5 2. Nf3 e6 3. c4 Nc6 4. Nc3 Nd4 5. Be2 Ne7 6. O-O Nec6 7. d3 Be7 8. a3
O-O 9. Be3 Bf6 10. Qd2 Nb3 11. Qd1 Nxa1 12. Bxc5 d6 13. Be3 b6 14. Qxa1 Bb7 15.
Qc1 Rc8 16. b4 Ne5 17. Nxe5 Bxe5 18. d4 Bf6 19. Qd2 d5 20. e5 Be7 21. cxd5 Bxd5
22. Nxd5 Qxd5 23. Qd3 Rc7 24. f4 Rfc8 25. Bf3 Qd8 26. f5 Rc3 27. Qe4 exf5 28.
Qf4 h6 29. Bf2 Qd7 30. d5 Bg5 31. Qd4 R8c4 32. Qd1 Rc1 33. Qe2 Rxf1+ 34. Kxf1
Rc1+ 35. Be1 f4 36. Qd2 Qb5+ 37. Be2 f3 38. Bxb5 Bxd2 39. d6 Bxe1 40. gxf3 Bg3+
41. Ke2 Bxe5 42. d7 Bf6 43. Kd3 a6 44. Ba4 b5 45. Bc2 Ra1 46. a4 bxa4 47. Kc4
Rc1 48. Kd3 a3 49. d8=Q+ Bxd8 50. Bb3 Bf6 51. Kd2 Rc3 52. Bd5 Rc7 53. Bb3 Bc3+
54. Kc2 Bxb4+ 55. Kb1 a5 56. Ka2 Rc3 57. Bd5 Rd3 58. Be4 Rd2+ 59. Kb1 a2+ 60.
Kc1 a1=Q+ 61. Bb1 Qb2# 0-1

[Event "FIDE World Rapid Team"]
[Site "London ENG"]
[Date "2025.06.12"]
[Round "7.1"]
[White "O'Gorman, Tom"]
[Black "Derakhshani, Borna"]
[Result "1/2-1/2"]
[WhiteTitle "IM"]
[BlackTitle "FM"]
[WhiteElo "2379"]
[BlackElo "2348"]
[WhiteTeam "Oxbridge"]
[BlackTeam "Wood Green Youth"]
[WhiteFideId "2508249"]
[BlackFideId "12518450"]
[EventDate "2025.06.11"]
[EventType "team"]

1. e4 c5 2. Nf3 a6 3. g3 d6 4. Bg2 g6 5. d4 cxd4 6. Qxd4 Nf6 7. e5 Nc6 8. Qa4 b5
9. Qb3 Na5 10. Qc3 Ne4 11. Qd4 d5 12. a4 Bg7 13. Nc3 Nxc3 14. Qxc3 Bb7 15. axb5
axb5 16. O-O O-O 17. Bf4 Qb6 18. Qd4 Qxd4 19. Nxd4 Nc4 20. Rae1 Nxb2 21. Rb1 Nc4
22. Rxb5 Ba6 23. Rxd5 Bb7 24. Rd7 Bxg2 25. Kxg2 Rfd8 26. Rxd8+ Rxd8 27. Nc6 Rd7
28. Ra1 h6 29. Ra4 Nb6 30. Ra6 Nc4 31. Ra4 Nb6 32. Rb4 Nd5 33. Rb8+ Kh7 34. c4
Nc3 35. e6 fxe6 36. Nd8 e5 37. Be3 Nd1 38. Bb6 e4 39. Kf1 Be5 40. Rb7 Rxb7 41.
Nxb7 Nb2 42. c5 Na4 43. Bd8 Nc3 44. Bxe7 Kg7 45. Bd6 Kf6 46. c6 Nb5 47. Bf8 h5
48. Nc5 Kf5 49. Be7 Nd4 50. Nd7 Nxc6 51. Nxe5 1/2-1/2

[Event "FIDE World Rapid Team"]
[Site "London ENG"]
[Date "2025.06.12"]
[Round "7.2"]
[White "Balaji, Aaravamudhan"]
[Black "Goh, Jinghan Cameron"]
[Result "1-0"]
[WhiteTitle "IM"]
[WhiteElo "2346"]
[BlackElo "2178"]
[WhiteTeam "Wood Green Youth"]
[BlackTeam "Oxbridge"]
[WhiteFideId "436224"]
[BlackFideId "5804540"]
[EventDate "2025.06.11"]
[EventType "team"]

1. d4 Nf6 2. c4 e6 3. Nc3 Bb4 4. e3 O-O 5. Bd3 d5 6. a3 Bxc3+ 7. bxc3 c6 8. Ne2
b6 9. O-O Ba6 10. cxd5 cxd5 11. f3 Bxd3 12. Qxd3 Nc6 13. e4 Qc7 14. Bg5 Nd7 15.
exd5 exd5 16. Qf5 Qd6 17. Rae1 Rfe8 18. Nf4 f6 19. Bh4 Ne7 20. Qg4 Nf8 21. Bg3
Qxa3 22. Nh5 Neg6 23. f4 Qxc3 24. f5 a5 25. fxg6 hxg6 26. Nf4 Rxe1 27. Rxe1
Qxd4+ 28. Bf2 Qc4 29. Qf3 b5 30. Nxd5 Rd8 31. Ne7+ Kf7 32. Nc6 Rd5 33. Ne5+ Rxe5
34. Rxe5 Nd7 35. Qd5+ Qxd5 36. Rxd5 1-0

[Event "FIDE World Rapid Team"]
[Site "London ENG"]
[Date "2025.06.12"]
[Round "7.3"]
[White "Gallagher, Daniel GH"]
[Black "Haydon, David L"]
[Result "0-1"]
[BlackTitle "FM"]
[WhiteElo "2251"]
[BlackElo "2284"]
[WhiteTeam "Oxbridge"]
[BlackTeam "Wood Green Youth"]
[WhiteFideId "436550"]
[BlackFideId "415405"]
[EventDate "2025.06.11"]
[EventType "team"]

1. Nf3 Nf6 2. g3 e6 3. Bg2 d5 4. O-O Be7 5. c4 O-O 6. b3 c5 7. cxd5 Nxd5 8. Bb2
Nc6 9. d4 b6 10. dxc5 Bxc5 11. Nbd2 Bb7 12. Rc1 Qe7 13. Qc2 Rac8 14. Qb1 Rfd8
15. Ne4 f6 16. Nxc5 bxc5 17. Rfd1 Ba6 18. Qe4 f5 19. Qa4 Bxe2 20. Re1 Nb6 21.
Qf4 Nd5 22. Qa4 Nb6 23. Qf4 Nd5 24. Qa4 Bd3 25. Ne5 Nxe5 26. Rxe5 Nb6 27. Qf4
Nd7 28. Re3 Nf8 29. Rce1 Qf7 30. Qa4 Qd7 31. Qh4 Bb5 32. Qg5 Bc6 33. Bf1 h6 34.
Qh5 Bd5 35. Qh4 Qf7 36. h3 Ng6 37. Qh5 f4 38. gxf4 Rf8 39. f5 Qxf5 40. Qxf5 Rxf5
41. Bd3 Rg5+ 42. Rg3 Nf4 43. Be4 Nxh3+ 44. Kf1 Rxg3 45. fxg3 Rf8+ 0-1

[Event "FIDE World Rapid Team"]
[Site "London ENG"]
[Date "2025.06.12"]
[Round "7.4"]
[White "O'Donnell, Conor"]
[Black "Rushbrooke, Remy"]
[Result "1/2-1/2"]
[WhiteTitle "FM"]
[WhiteElo "2301"]
[BlackElo "2090"]
[WhiteTeam "Wood Green Youth"]
[BlackTeam "Oxbridge"]
[WhiteFideId "2504243"]
[BlackFideId "443590"]
[EventDate "2025.06.11"]
[EventType "team"]

1. d4 d5 2. c4 c6 3. Nf3 Nf6 4. e3 Bg4 5. h3 Bh5 6. Nc3 e6 7. g4 Bg6 8. Qb3 Qb6
9. Qxb6 axb6 10. Ne5 Nbd7 11. Nxg6 hxg6 12. g5 Ne4 13. Nxe4 dxe4 14. h4 Bb4+ 15.
Bd2 Bxd2+ 16. Kxd2 e5 17. Bg2 exd4 18. exd4 O-O-O 19. Kc3 f5 20. gxf6 Nxf6 21.
Rae1 Rdf8 22. Rh2 g5 23. Bxe4 Nxe4+ 24. Rxe4 Rxh4 25. Rexh4 gxh4 26. Rxh4 Rf3+
27. Kb4 Rxf2 28. b3 Rf5 29. Rh8+ Kc7 30. Rg8 Rg5 31. a4 Rg4 32. Kc3 Rg3+ 33. Kb4
Rg4 34. Kc3 Rg3+ 35. Kb4 1/2-1/2

[Event "FIDE World Rapid Team"]
[Site "London ENG"]
[Date "2025.06.12"]
[Round "7.5"]
[White "Hng, Mei-Xian Eunice"]
[Black "Jaufarally, Nadia"]
[Result "1-0"]
[WhiteTitle "WFM"]
[WhiteElo "2066"]
[BlackElo "1944"]
[WhiteTeam "Oxbridge"]
[BlackTeam "Wood Green Youth"]
[WhiteFideId "5806585"]
[BlackFideId "443727"]
[EventDate "2025.06.11"]
[EventType "team"]

1. e4 c5 2. d4 cxd4 3. c3 dxc3 4. Nxc3 Nc6 5. Bc4 e6 6. Nf3 d6 7. O-O a6 8. Qe2
Be7 9. Rd1 Qc7 10. Bf4 e5 11. Nd5 Qd8 12. Be3 Rb8 13. Bb6 Qd7 14. Bc7 Ra8 15.
Nb6 Qxc7 16. Nxa8 Qd8 17. Qe3 Nf6 18. h3 Bxh3 19. Qb3 Na5 20. Bxf7+ Kf8 21. Qc3
Kxf7 22. Ng5+ Kg8 23. Qxh3 g6 24. Rac1 Ne8 25. Rc8 Bxg5 26. Rxd8 Bxd8 27. Qd7 1-0

[Event "FIDE World Rapid Team"]
[Site "London ENG"]
[Date "2025.06.12"]
[Round "7.6"]
[White "Camp, Imogen A L"]
[Black "Nayberg, Simona"]
[Result "1-0"]
[WhiteTitle "WCM"]
[WhiteElo "1915"]
[BlackElo "1819"]
[WhiteTeam "Wood Green Youth"]
[BlackTeam "Oxbridge"]
[WhiteFideId "1802240"]
[BlackFideId "2075180"]
[EventDate "2025.06.11"]
[EventType "team"]

1. d4 f5 2. Nf3 Nf6 3. h3 g6 4. Bf4 Bg7 5. e3 d6 6. Be2 O-O 7. c4 Qe8 8. Nc3 c6
9. Rc1 Nh5 10. Bh2 f4 11. exf4 Nxf4 12. Bxf4 Rxf4 13. d5 Nd7 14. O-O Ne5 15.
Nxe5 Bxe5 16. Bf3 Rxc4 17. dxc6 Rd4 18. Qb3+ Kg7 19. cxb7 Rb8 20. bxc8=Q Qxc8
21. Qc2 Bf4 22. Rcd1 Rdb4 23. Qe2 Be5 24. Nd5 Rxb2 25. Rd2 e6 26. Ne7 Qf8 27.
Nc6 Rxd2 28. Qxd2 Rb2 29. Qa5 Qf4 30. Nxe5 dxe5 31. Qxa7+ Kg8 32. Qe3 Rxa2 33.
Qxf4 exf4 34. Re1 Kf7 35. Be4 Kf6 36. h4 h6 37. Rb1 g5 38. h5 g4 39. Rb6 Ra1+ 1-0

[Event "FIDE World Rapid Team"]
[Site "London ENG"]
[Date "2025.06.12"]
[Round "7.1"]
[White "Kogan, Arthur"]
[Black "Khoury, Theo"]
[Result "1-0"]
[WhiteTitle "GM"]
[BlackTitle "CM"]
[WhiteElo "2475"]
[BlackElo "2209"]
[WhiteTeam "OlalaStars"]
[BlackTeam "Chess Trust Accelerators"]
[WhiteFideId "2800802"]
[BlackFideId "480703"]
[EventDate "2025.06.11"]
[EventType "team"]

1. e4 c5 2. Nc3 d6 3. g3 Nc6 4. Bg2 g6 5. f4 Bg7 6. Nf3 e6 7. O-O Nge7 8. Ne2
O-O 9. c3 d5 10. e5 d4 11. cxd4 cxd4 12. d3 h5 13. h3 Qb6 14. g4 hxg4 15. hxg4
f6 16. exf6 Bxf6 17. Ng3 e5 18. Nxe5 Nxe5 19. fxe5 Bxe5 20. Rxf8+ Kxf8 21. Bh6+
Kg8 22. Qe2 Qe6 23. Re1 Bxg3 24. Qxe6+ Bxe6 25. Rxe6 Kf7 26. Re2 Rb8 27. Bg5 Bd6
28. Rf2+ Kg8 29. Rf6 Bc5 30. Bf4 Rd8 31. Bxb7 g5 32. Bxg5 Rb8 33. Ba6 Rxb2 34.
Bc4+ Kh8 35. Rf8+ 1-0